BIOLOGY FOR ENGINEERS (Record no. 8288)

MARC details
000 -LEADER
fixed length control field 00367nam a22001697a 4500
005 - DATE AND TIME OF LATEST TRANSACTION
control field 20230404104942.0
008 - FIXED-LENGTH DATA ELEMENTS--GENERAL INFORMATION
fixed length control field 230403b |||||||| |||| 00| 0 eng d
020 ## - INTERNATIONAL STANDARD BOOK NUMBER
ISBN 978-81-265-7634-0
041 ## - LANGUAGE CODE
Language code of text/sound track or separate title eng
082 ## - DEWEY DECIMAL CLASSIFICATION NUMBER
Classification number 660.7
245 ## - TITLE STATEMENT
Title BIOLOGY FOR ENGINEERS
250 ## - EDITION STATEMENT
Edition statement 1s ed.
260 ## - PUBLICATION, DISTRIBUTION, ETC. (IMPRINT)
Name of publisher WILEY
300 ## - PHYSICAL DESCRIPTION
Number of Pages 185;P.
650 ## - SUBJECT ADDED ENTRY--TOPICAL TERM
Topical Term CS & IT
942 ## - ADDED ENTRY ELEMENTS (KOHA)
Koha item type Books
Holdings
Lost status Damaged status Collection code Home library Current library Shelving location Date acquired Source of acquisition Cost, normal purchase price Full call number Accession Number Koha item type
    Reference JRU Library JRU Library SHELF-7-B 27/03/2023 LOHIA BOOK INTERNATIONAL 349.00 660.7 27681 Books
    CS/IT JRU Library JRU Library SHELF-51-G 27/03/2023 LOHIA BOOK INTERNATIONAL 349.00 660.7 27682 Books
    CS/IT JRU Library JRU Library SHELF-51-G 27/03/2023 LOHIA BOOK INTERNATIONAL 349.00 660.7 27683 Books
    CS/IT JRU Library JRU Library SHELF-51-G 27/03/2023 LOHIA BOOK INTERNATIONAL 349.00 660.7 27684 Books
    CS/IT JRU Library JRU Library SHELF-51-G 27/03/2023 LOHIA BOOK INTERNATIONAL 349.00 660.7 27685 Books